000 00371nam a2200133 a 4500
090 _aIAVH
_b01007
041 _aspa
245 _aVivero el cerro
_bVivero especializado en producción de especies altoandinas
260 _aBogotá
_bIAVH
_bFundación Pangea
_cs.f.
300 _a6 p.
650 _aViveros
_992504
650 _aEspecies forestales
_992707
945 _d2009-11-20
999 _c7174
_d7174